<?xml version="1.0" encoding="UTF-8"?>
<record
    xmlns:xsi="http://www.w3.org/2001/XMLSchema-instance"
    xsi:schemaLocation="http://www.loc.gov/MARC21/slim http://www.loc.gov/standards/marcxml/schema/MARC21slim.xsd"
    xmlns="http://www.loc.gov/MARC21/slim">

  <leader>00923nam a22002417a 4500</leader>
  <controlfield tag="005">20170123164144.0</controlfield>
  <datafield tag="010" ind1=" " ind2=" ">
    <subfield code="a">B-082583</subfield>
  </datafield>
  <datafield tag="035" ind1=" " ind2=" ">
    <subfield code="a">B-082583</subfield>
  </datafield>
  <datafield tag="037" ind1=" " ind2=" ">
    <subfield code="b">Cen Lib / Ret</subfield>
  </datafield>
  <datafield tag="040" ind1=" " ind2=" ">
    <subfield code="a">DPL</subfield>
    <subfield code="b">PN</subfield>
  </datafield>
  <datafield tag="082" ind1=" " ind2=" ">
    <subfield code="a">851</subfield>
    <subfield code="b">&#xA27;&#xA30;&#xA2E;</subfield>
  </datafield>
  <datafield tag="245" ind1=" " ind2=" ">
    <subfield code="a">&#xA26;&#xA40;&#xA35;&#xA3E;&#xA28; : &#xA17;&#xA41;&#xA32;&#xA3E;&#xA2E; &#xA2B;&#xA3C;&#xA30;&#xA40;&#xA26;/</subfield>
    <subfield code="c">&#xA05;&#xA28;&#xA41;&#xA35;&#xA3E;&#xA26;&#xA15; &#xA27;&#xA30;&#xA2E; &#xA2A;&#xA3E;&#xA32; &#xA1A;&#xA4B;&#xA27;&#xA30;&#xA40;</subfield>
  </datafield>
  <datafield tag="246" ind1=" " ind2=" ">
    <subfield code="a">Deewan ; gulam farid</subfield>
    <subfield code="b">by Dharam Pal Chowdhary</subfield>
  </datafield>
  <datafield tag="260" ind1=" " ind2=" ">
    <subfield code="a">&#xA2A;&#xA70;&#xA1C;&#xA3E;&#xA2C; </subfield>
    <subfield code="b">&#xA2D;&#xA3E;&#xA38;&#xA3C;&#xA3E; &#xA1E;&#xA3F;&#xA2D;&#xA3E;&#xA17; </subfield>
    <subfield code="c">2000</subfield>
  </datafield>
  <datafield tag="270" ind1=" " ind2=" ">
    <subfield code="a">&#xA2D;&#xA3E;&#xA38;&#xA3C;&#xA3E; &#xA1E;&#xA3F;&#xA2D;&#xA3E;&#xA17; </subfield>
    <subfield code="b">&#xA2A;&#xA70;&#xA1C;&#xA3E;&#xA2C; </subfield>
  </datafield>
  <datafield tag="300" ind1=" " ind2=" ">
    <subfield code="a">284p.</subfield>
    <subfield code="c">22cm(Hb)</subfield>
  </datafield>
  <datafield tag="650" ind1=" " ind2=" ">
    <subfield code="a">&#xA38;&#xA3E;&#xA39;&#xA3F;&#xA24; -- &#xA2A;&#xA70;&#xA1C;&#xA3E;&#xA2C;&#xA40; </subfield>
    <subfield code="9">120168</subfield>
  </datafield>
  <datafield tag="650" ind1=" " ind2=" ">
    <subfield code="a"> &#xA2A;&#xA70;&#xA1C;&#xA3E;&#xA2C;&#xA40;  &#xA15;&#xA35;&#xA3F;&#xA24;&#xA3E;&#xA35;&#xA3E;&#xA02; </subfield>
    <subfield code="9">120169</subfield>
  </datafield>
  <datafield tag="650" ind1=" " ind2=" ">
    <subfield code="a">Literature -- Punjabi </subfield>
    <subfield code="9">114104</subfield>
  </datafield>
  <datafield tag="650" ind1=" " ind2=" ">
    <subfield code="a">Punjabi Poetry</subfield>
    <subfield code="9">120170</subfield>
  </datafield>
  <datafield tag="700" ind1=" " ind2=" ">
    <subfield code="a">&#xA1A;&#xA4B;&#xA27;&#xA30;&#xA40;, &#xA27;&#xA30;&#xA2E; &#xA2A;&#xA3E;&#xA32; </subfield>
    <subfield code="9">49978</subfield>
  </datafield>
  <datafield tag="942" ind1=" " ind2=" ">
    <subfield code="2">ddc</subfield>
    <subfield code="c">PN</subfield>
    <subfield code="h">851</subfield>
    <subfield code="m">&#xA27;&#xA30;&#xA2E;</subfield>
  </datafield>
  <datafield tag="999" ind1=" " ind2=" ">
    <subfield code="c">109862</subfield>
    <subfield code="d">109862</subfield>
  </datafield>
  <datafield tag="952" ind1=" " ind2=" ">
    <subfield code="0">0</subfield>
    <subfield code="1">0</subfield>
    <subfield code="4">0</subfield>
    <subfield code="7">0</subfield>
    <subfield code="a">L</subfield>
    <subfield code="b">L</subfield>
    <subfield code="d">2016-01-08</subfield>
    <subfield code="e">Cen Lib/Ret</subfield>
    <subfield code="l">0</subfield>
    <subfield code="o">851 &#xA27;&#xA30;&#xA2E;</subfield>
    <subfield code="p">B-082583</subfield>
    <subfield code="r">2016-01-08 00:00:00</subfield>
    <subfield code="t">1</subfield>
    <subfield code="w">2016-01-08</subfield>
    <subfield code="y">PN</subfield>
  </datafield>
</record>
